| Ancient History and Archaeology | 3 | 16.67 | 100% | 67% | 0% |
| Beliefs | 5 | 24.00 | 100% | 100% | 40% |
| British and Commonwealth History | 1 | 20.00 | 100% | 100% | 0% |
| Current Events | 1 | 10.00 | 100% | 0% | 0% |
| Fine Arts - Auditory Fine Arts | 3 | 13.33 | 100% | 33% | 0% |
| Fine Arts - Visual Fine Arts | 4 | 10.00 | 100% | 0% | 0% |
| Geography | 1 | 30.00 | 100% | 100% | 100% |
| History - American History | 3 | 23.33 | 100% | 100% | 33% |
| History - European History | 3 | 13.33 | 100% | 33% | 0% |
| History - World History | 5 | 22.00 | 100% | 80% | 40% |
| Literature - American Literature | 2 | 20.00 | 100% | 100% | 0% |
| Literature - British Literature | 3 | 20.00 | 100% | 67% | 33% |
| Literature - European Literature | 4 | 15.00 | 100% | 50% | 0% |
| Other Academic | 1 | 10.00 | 100% | 0% | 0% |
| Other Arts: Auditory | 2 | 10.00 | 100% | 0% | 0% |
| Other Arts: Visual | 2 | 10.00 | 100% | 0% | 0% |
| Other Science: Computer Science | 2 | 15.00 | 100% | 50% | 0% |
| Other Science: Math | 1 | 30.00 | 100% | 100% | 100% |
| Philosophy | 3 | 26.67 | 100% | 100% | 67% |
| Science - Biology | 2 | 15.00 | 100% | 50% | 0% |
| Science - Chemistry | 2 | 5.00 | 50% | 0% | 0% |
| Science - Physics | 2 | 10.00 | 50% | 50% | 0% |
| Social Science | 2 | 20.00 | 100% | 50% | 50% |
| World and Other Literature | 2 | 10.00 | 100% | 0% | 0% |
| Ancient History and Archaeology | 2 | 20.00 | 100% | 50% | 50% |
| Beliefs | 8 | 16.25 | 75% | 75% | 13% |
| British and Commonwealth History | 1 | 20.00 | 100% | 100% | 0% |
| Current Events | 1 | 30.00 | 100% | 100% | 100% |
| Fine Arts - Auditory Fine Arts | 3 | 10.00 | 100% | 0% | 0% |
| Fine Arts - Visual Fine Arts | 3 | 13.33 | 100% | 0% | 33% |
| Geography | 1 | 20.00 | 100% | 0% | 100% |
| History - American History | 5 | 18.00 | 80% | 60% | 40% |
| History - European History | 2 | 20.00 | 100% | 50% | 50% |
| History - World History | 3 | 13.33 | 100% | 33% | 0% |
| Literature - American Literature | 4 | 17.50 | 100% | 75% | 0% |
| Literature - British Literature | 2 | 15.00 | 100% | 50% | 0% |
| Literature - European Literature | 3 | 16.67 | 100% | 67% | 0% |
| Other Academic | 1 | 20.00 | 100% | 100% | 0% |
| Other Arts: Auditory | 2 | 10.00 | 100% | 0% | 0% |
| Other Arts: Visual | 1 | 20.00 | 100% | 100% | 0% |
| Other Science: Earth Science | 3 | 3.33 | 33% | 0% | 0% |
| Philosophy | 4 | 22.50 | 100% | 100% | 25% |
| Science - Biology | 1 | 0.00 | 0% | 0% | 0% |
| Science - Chemistry | 3 | 13.33 | 67% | 67% | 0% |
| Science - Physics | 2 | 10.00 | 100% | 0% | 0% |
| Social Science | 1 | 10.00 | 100% | 0% | 0% |
| World and Other Literature | 4 | 17.50 | 100% | 75% | 0% |